| 000 | 00938cam a22002534a 4500 | ||
|---|---|---|---|
| 001 | 11961818 | ||
| 003 | OSt | ||
| 005 | 20150729033345.0 | ||
| 008 | 000403s2014 njuabf b 001 0 eng | ||
| 010 | _a 00038553 | ||
| 020 | _a9781292042886 | ||
| 040 |
_aDLC _cDLC _dDLC |
||
| 042 | _apcc | ||
| 082 | 0 | 0 |
_a624.15 _bCDF _221 |
| 100 | 1 |
_aCoduto, Donald P. _949852 |
|
| 245 | 1 | 0 |
_aFoundation design : _bprinciples and practices / _cDonald P. Coduto. |
| 250 | _a2nd ed., Pearson new international edition | ||
| 260 |
_aHarlow, Essex _bPearson Education Limited, _c2014. |
||
| 300 |
_axxii, 884 p., [4] p. of plates : _bill. (some col.), maps ; _c28 cm. |
||
| 504 | _aIncludes bibliographical references (p. 849-874) and index. | ||
| 650 | 0 |
_aFoundations. _949853 |
|
| 942 |
_2ddc _cBOOK |
||
| 999 |
_c37801 _d272301 |
||